| 000 -LEADER |
| fixed length control field |
00690cam a2200229Ka 4500 |
| 020 ## - INTERNATIONAL STANDARD BOOK NUMBER |
| ISBN |
0195077733 |
| 020 ## - INTERNATIONAL STANDARD BOOK NUMBER |
| ISBN |
9780195077735 |
| 020 ## - INTERNATIONAL STANDARD BOOK NUMBER |
| ISBN |
0195077725 (paper) |
| 020 ## - INTERNATIONAL STANDARD BOOK NUMBER |
| ISBN |
9780195077728 (paper) |
| 040 ## - CATALOGING SOURCE |
| Transcribing agency |
BYU |
| 082 04 - DEWEY DECIMAL CLASSIFICATION NUMBER |
| Classification number |
338 OXF 1992 A075 Or. |
| 245 00 - TITLE STATEMENT |
| Title |
Human development report 1992 / |
| 260 ## - PUBLICATION, DISTRIBUTION, ETC. (IMPRINT) |
| Place of publication |
New York : |
| Name of publisher |
[Oxford University Press] for the United Nations Development Programme (UNDP), |
| Year of publication |
1992 |
| 300 ## - PHYSICAL DESCRIPTION |
| Number of Pages |
ix, 216 p. : |
| Other physical details |
ill. ; |
| Dimensions |
28 cm |
| 650 #0 - SUBJECT ADDED ENTRY--TOPICAL TERM |
| Topical Term |
Human capital |
| 650 #0 - SUBJECT ADDED ENTRY--TOPICAL TERM |
| Topical Term |
Economic development |
| 650 12 - SUBJECT ADDED ENTRY--TOPICAL TERM |
| Topical Term |
Human Development |
| 650 12 - SUBJECT ADDED ENTRY--TOPICAL TERM |
| Topical Term |
Developing Countries |
| 650 #0 - SUBJECT ADDED ENTRY--TOPICAL TERM |
| Topical Term |
Manpower policy |
| 710 2# - ADDED ENTRY--CORPORATE NAME |
| Corporate name or jurisdiction name as entry element |
United Nations Development Programme |
| 942 ## - ADDED ENTRY ELEMENTS (KOHA) |
| Koha item type |
សៀវភៅភាសាអង់គ្លេស |
| 952 ## - LOCATION AND ITEM INFORMATION (KOHA) |
| Withdrawn status [LOCAL, KOHA] |
0 |